Wiek kierowców F1 - Statystyki

Ogólne statystyki
  • Ten quiz został rozwiązany 133 razy
  • Średni wynik to 20 z 20
Statystyki odpowiedzi
Hint Odpowiedź % Poprawnych
Kevin Magnussen 29
100%
Daniel Ricciardo 33
100%
George Russell 24
99%
Max Verstappen 24
99%
Charles Leclerc 24
99%
Esteban Ocon 25
99%
Nicholas Latifi 27
99%
Carlos Sainz 27
99%
Valtteri Bottas 32
99%
Sergio Perez 32
99%
Sebastian Vettel 35
99%
Lewis Hamilton 37
99%
Fernando Alonso 40
99%
Yuki Tsunoda 22
98%
Lando Norris 22
98%
Guanyu Zhou 23
98%
Mick Schumacher 23
98%
Lance Stroll 23
98%
Alex Albon 26
98%
Pierre Gasly 26
98%
Nie znaleziono quizów pasujących do podanych kryteriów
Rozkład punktacji
Procent ludzi z każdym wynikiem
Percentyl według liczby udzielonych odpowiedzi
Twoja historia wyników
Nie rozwiązałeś tego quizu